| 000 | 01034nam a22002537a 4500 | ||
|---|---|---|---|
| 005 | 20170124103018.0 | ||
| 010 | _aA-909468 | ||
| 020 | _c190.00 | ||
| 035 | _aA-909468 | ||
| 037 | _bCen Lib/Ret | ||
| 040 |
_aDPL _bHN |
||
| 082 |
_aउ _bथपलि |
||
| 100 |
_aथपलियाल, हरिप्रसाद _944529 |
||
| 245 |
_aआक्रान्ता / _cहरिप्रसाद थपलियाल |
||
| 246 |
_aAakranta / _bby Hari Prasad Thapliyal |
||
| 260 |
_aदिल्ली _bसाहित्य निधि _c1997 |
||
| 270 |
_a29/59ए, गली न.11, विश्वास नगर, शाहदरा _bदिल्ली _e110032 |
||
| 300 |
_a176पृ. _c21सेमी (सजिल्द) |
||
| 650 |
_aहिन्दी साहित्य _959736 |
||
| 650 |
_aहिन्दी साहित्य -- उपन्यास _946379 |
||
| 650 |
_aHindi literature _959737 |
||
| 650 |
_aHindi literature -- Fiction _959738 |
||
| 942 |
_2ddc _cHN _hउ _mथपलि |
||
| 999 |
_c115069 _d115069 |
||